| 000 | 01054nam a22002537a 4500 | ||
|---|---|---|---|
| 005 | 20170124103014.0 | ||
| 010 | _aA-670121 | ||
| 020 | _c65.00 | ||
| 035 | _aA-670121 | ||
| 037 | _bCen Lib/Ret | ||
| 040 |
_aDPL _bHN |
||
| 082 |
_aउ _bशर्मापां |
||
| 100 |
_aशर्मा, पांडेय बेचन _958642 |
||
| 245 |
_aगंगा माता : _cपांडेय बेचन शर्मा _bसामाजिक उपन्यास / |
||
| 246 |
_aGanga mata : samajik upanyas / _bby Pandey Bechan Sharma |
||
| 260 |
_aदिल्ली _bआत्माराम एंड संस _c1993 |
||
| 270 |
_b दिल्ली _aकश्मीरी गेट _e110006 |
||
| 300 |
_a185पृ. _c17सेमी (सजिल्द) |
||
| 650 |
_aहिन्दी -- साहित्य _958643 |
||
| 650 |
_aहिन्दी -- उपन्यास _958644 |
||
| 650 |
_aHindi -- Literature _958645 |
||
| 650 |
_aHindi -- Fiction _927248 |
||
| 942 |
_2ddc _cHN _hउ _mशर्मापां |
||
| 999 |
_c114845 _d114845 |
||